[Event "Let's Tango: Najdorf Style!"]
[Site "SchemingMind.com"]
[Date "2018.10.08"]
[Round "-"]
[White "jolasebabes"]
[Black "Phillip Beckett"]
[Result "1-0"]
[WhiteCountry "POR"]
[BlackCountry "ENG"]
[WhiteElo "2146"]
[WhiteRD "70"]
[BlackElo "1502"]
[BlackRD "55"]
[GameID "433355"]

1. e4 c5 2. Nf3 d6 3. d4 cxd4 4. Nxd4 Nf6 5. Nc3 a6 6. h3 g6 7. g4 Bg7 8. Bg2 Nc6 9. Be3 O-O 10. Qd2 Bd7
11. f4 Qa5 12. Nb3 Qc7 13. O-O-O b5 14. Kb1 Na5 15. e5 Ne8 16. Bxa8 Nxb3 17. cxb3 f6 18. e6 Bxe6 19. Bd5 Bxd5 20. Qxd5+ Kh8
21. f5
1-0

[Event "Let's Tango: Najdorf Style!"]
[Site "SchemingMind.com"]
[Date "2018.10.10"]
[Round "-"]
[White "Glenn O'Brien"]
[Black "maro"]
[Result "1-0"]
[WhiteCountry "AUS"]
[BlackCountry "MEX"]
[WhiteElo "1976"]
[WhiteRD "71"]
[BlackElo "1498"]
[BlackRD "63"]
[GameID "433449"]

1. e4 c5 2. Nf3 d6 3. d4 cxd4 4. Nxd4 Nf6 5. Nc3 a6 6. Bg5 e5 7. Nb3 Be7 8. Be2 Be6 9. O-O Nc6 10. Qd2 O-O
11. Rad1 h6 12. Bxf6 Bxf6 13. Qxd6 Qxd6 14. Rxd6 Rac8 15. Nc5 Rfe8 16. Nxb7 Be7 17. Bxa6 Nb4 18. Bb5 Bxd6 19. Nxd6 Rcd8 20. Nxe8 Rxe8
21. Bxe8 Nxc2 22. Ba4 Nd4 23. b4 Bc4 24. Re1 Ne6 25. Bb5
1-0

[Event "Let's Tango: Najdorf Style!"]
[Site "SchemingMind.com"]
[Date "2018.10.11"]
[Round "-"]
[White "maro"]
[Black "Glenn O'Brien"]
[Result "0-1"]
[WhiteCountry "MEX"]
[BlackCountry "AUS"]
[WhiteElo "1503"]
[WhiteRD "58"]
[BlackElo "1986"]
[BlackRD "73"]
[GameID "433450"]

1. e4 c5 2. Nf3 d6 3. d4 cxd4 4. Nxd4 Nf6 5. Nc3 a6 6. Bg5 e6 7. a3 Be7 8. Bc4 Nc6 9. Qd2 O-O 10. O-O-O Qc7
11. Nce2 Nxe4 12. Qe3 Nxg5 13. h4 Nxd4 14. Nxd4 Qxc4 15. hxg5 e5 16. Ne2 Bf5 17. c3 Qe4 18. Ng3 Qc2#
0-1

[Event "Let's Tango: Najdorf Style!"]
[Site "SchemingMind.com"]
[Date "2018.10.09"]
[Round "-"]
[White "Glenn O'Brien"]
[Black "Phillip Beckett"]
[Result "1-0"]
[WhiteCountry "AUS"]
[BlackCountry "ENG"]
[WhiteElo "1976"]
[WhiteRD "71"]
[BlackElo "1536"]
[BlackRD "53"]
[GameID "433451"]

1. e4 c5 2. Nf3 d6 3. d4 cxd4 4. Nxd4 Nf6 5. Nc3 a6 6. Bg5 e6 7. f4 Be7 8. Qf3 Nbd7 9. O-O-O h6 10. Bh4 O-O
11. g4 e5 12. Nf5 exf4 13. Qxf4 Ne5 14. Nxe7+ Qxe7 15. Bxf6 Qxf6 16. Qxf6 gxf6 17. Rxd6 Be6 18. h3 Rad8 19. Rxd8 Rxd8 20. Bg2 Nc4
21. Rd1 Rxd1+ 22. Nxd1 Ne5 23. Ne3 Nc4 24. Nxc4 Bxc4 25. b3 Be6 26. Kd2 Kf8 27. Bf3 Kg7 28. h4 b6 29. a3 h5 30. gxh5 Kh6
31. Ke3 f5 32. e5 f6 33. exf6 Kh7 34. Kf4 Kh6 35. c4
1-0

[Event "Let's Tango: Najdorf Style!"]
[Site "SchemingMind.com"]
[Date "2018.10.10"]
[Round "-"]
[White "Phillip Beckett"]
[Black "Glenn O'Brien"]
[Result "0-1"]
[WhiteCountry "ENG"]
[BlackCountry "AUS"]
[WhiteElo "1536"]
[WhiteRD "53"]
[BlackElo "1976"]
[BlackRD "71"]
[GameID "433452"]

1. e4 c5 2. Nf3 d6 3. d4 cxd4 4. Nxd4 Nf6 5. Nc3 a6 6. Bg5 e6 7. f4 Qb6 8. Nb3 Be7 9. Qf3 Nbd7 10. Bd3 Qc7
11. O-O-O b5 12. a3 Rb8 13. g4 h6 14. Bh4 Nxe4 15. Nxe4 Bxh4 16. h3 Bb7 17. Rhf1 Nf6 18. Nxf6+ Bxf6 19. Be4 Bxe4 20. Qxe4 O-O
21. Kb1 d5 22. Qe2 Rbc8 23. f5 Qe5 24. Qxe5 Bxe5 25. fxe6 fxe6 26. Rxf8+ Rxf8 27. Nd4 Bxd4 28. Rxd4 g5 29. Rd3 Kg7 30. Re3 Kf6
31. Rf3+ Ke7 32. Rc3 Kd6 33. a4 bxa4 34. Ra3 Rf4 35. b3 axb3 36. cxb3 Rf3 37. Rxa6+ Ke5 38. Ra8 Rxb3+ 39. Kc2 Rxh3
0-1

[Event "Let's Tango: Najdorf Style!"]
[Site "SchemingMind.com"]
[Date "2018.10.10"]
[Round "-"]
[White "Glenn O'Brien"]
[Black "kenneth m day"]
[Result "1-0"]
[WhiteCountry "AUS"]
[BlackCountry "USA"]
[WhiteElo "1976"]
[WhiteRD "71"]
[BlackElo "1687"]
[BlackRD "59"]
[GameID "433453"]

1. e4 c5 2. Nf3 d6 3. d4 cxd4 4. Nxd4 Nf6 5. Nc3 a6 6. Bg5 h6 7. Bxf6 gxf6 8. Bc4 Rg8 9. Qh5 e6 10. Bxe6 Rg6
11. Bxc8 Qxc8 12. Nd5 Nd7 13. O-O Qc5 14. Ne6 fxe6 15. Qxg6+ Kd8 16. Nxf6 Kc7 17. Ne8+ Kc6 18. Qxe6 Qe5 19. Qd5+ Qxd5 20. exd5+ Kb6
21. Rfe1 Rc8 22. Re2
1-0

[Event "Let's Tango: Najdorf Style!"]
[Site "SchemingMind.com"]
[Date "2018.10.10"]
[Round "-"]
[White "kenneth m day"]
[Black "Glenn O'Brien"]
[Result "0-1"]
[WhiteCountry "USA"]
[BlackCountry "AUS"]
[WhiteElo "1735"]
[WhiteRD "57"]
[BlackElo "1975"]
[BlackRD "75"]
[GameID "433454"]

1. e4 c5 2. Nf3 d6 3. d4 cxd4 4. Nxd4 Nf6 5. Nc3 a6 6. Bg5 e6 7. f4 Qb6 8. Nb3 Be7 9. Qf3 Nbd7 10. O-O-O Qc7
11. Bd3 b5 12. a3 Rb8 13. Rd2 O-O 14. g4 b4 15. axb4 Rxb4 16. Qh3 Bb7 17. Bxf6 gxf6 18. e5 f5 19. gxf5 dxe5 20. Rg2+ Bxg2
21. Qxg2+ Kh8 22. Rg1 Bf6 23. fxe6 fxe6 24. Bxh7 Rxf4 25. Qh3 Rh4 26. Qxe6 Rxh7 27. Nd5 Qc4 28. Qd6 Rxh2 29. Nc3 Bg5+ 30. Kb1 Rf1+
31. Rxf1 Qxf1+ 32. Ka2 Qf5 33. Qxa6 Rxc2 34. Qc8+ Kh7
0-1

[Event "Let's Tango: Najdorf Style!"]
[Site "SchemingMind.com"]
[Date "2018.10.09"]
[Round "-"]
[White "Glenn O'Brien"]
[Black "flyinduck"]
[Result "1-0"]
[WhiteCountry "AUS"]
[BlackCountry "CAN"]
[WhiteElo "1976"]
[WhiteRD "71"]
[BlackElo "1993"]
[BlackRD "51"]
[GameID "433455"]

1. e4 c5 2. Nf3 d6 3. d4 cxd4 4. Nxd4 Nf6 5. Nc3 a6 6. Bg5 e6 7. f4 Qb6 8. Qd2 Qxb2 9. Rb1 Qa3 10. e5 dxe5
11. fxe5 Nfd7 12. Ne4 h6 13. Bh4 Qxa2 14. Rd1 Qd5 15. Qe3 Qxe5 16. Be2 Bc5 17. Bg3 Bxd4 18. Rxd4 Qa5+ 19. Rd2 O-O 20. Bd6 Nc6
21. O-O Rd8 22. Qf4 Qf5 23. Qh4 g5 24. Qxh6 Qxe4 25. Qxg5+ Qg6 26. Qh4 Qh7 27. Bh5 f5 28. Rf3
1-0

[Event "Let's Tango: Najdorf Style!"]
[Site "SchemingMind.com"]
[Date "2018.10.10"]
[Round "-"]
[White "flyinduck"]
[Black "Glenn O'Brien"]
[Result "1-0"]
[WhiteCountry "CAN"]
[BlackCountry "AUS"]
[WhiteElo "2000"]
[WhiteRD "55"]
[BlackElo "1975"]
[BlackRD "75"]
[GameID "433456"]

1. e4 c5 2. Nf3 d6 3. d4 cxd4 4. Nxd4 Nf6 5. Nc3 a6 6. Bc4 e6 7. Qe2 Be7 8. Bb3 O-O 9. Be3 e5 10. Nf3 Nc6
11. O-O-O Bg4 12. h3 Bxf3 13. Qxf3 Rc8 14. g4 Na5 15. g5 Nxb3+ 16. cxb3 Nd7 17. h4 f6 18. Qh3 Kf7 19. Kb1 Nb6 20. Rhg1 Qc7
21. gxf6 Bxf6 22. Qf5 g6 23. Qg4 Be7 24. h5 Rg8 25. hxg6+ hxg6 26. f4 exf4 27. Qxf4+ Ke8 28. Qh6 Bf8 29. Qh3 Qd7 30. Qf3 Na8
31. Nd5 Be7 32. Rdf1 Qe6 33. Nf4 Qd7 34. Nxg6 Qe6 35. Nxe7 Kxe7 36. Bg5+ Kd7 37. Qf7+ Qxf7 38. Rxf7+ Kc6 39. Rc1+ Kb6 40. Be3+ Ka5
41. Rxc8 Rxc8 42. Rxb7
1-0

[Event "Let's Tango: Najdorf Style!"]
[Site "SchemingMind.com"]
[Date "2018.10.10"]
[Round "-"]
[White "Glenn O'Brien"]
[Black "splinter"]
[Result "1-0"]
[WhiteCountry "AUS"]
[BlackCountry "CAN"]
[WhiteElo "1976"]
[WhiteRD "71"]
[BlackElo "1786"]
[BlackRD "69"]
[GameID "433457"]

1. e4 c5 2. Nf3 d6 3. d4 cxd4 4. Nxd4 Nf6 5. Nc3 a6 6. Bg5 e5 7. Nb3 Be7 8. Be2 Nc6 9. O-O O-O 10. Qd2 Ne8
11. Bxe7 Nxe7 12. Rad1 Qb6 13. Qe3 Qc7 14. f4 exf4 15. Qxf4 Ng6 16. Qd2 b6 17. Nd5 Qb7 18. Qb4 Rb8 19. Nd4 Be6 20. Nf5 Bxf5
21. Rxf5 b5 22. Rdf1 Ne5 23. R1f2 Rd8 24. c4 Qa7 25. Rxe5 dxe5 26. Ne7+ Kh8 27. Nc6
1-0

[Event "Let's Tango: Najdorf Style!"]
[Site "SchemingMind.com"]
[Date "2018.10.10"]
[Round "-"]
[White "splinter"]
[Black "Glenn O'Brien"]
[Result "0-1"]
[WhiteCountry "CAN"]
[BlackCountry "AUS"]
[WhiteElo "1820"]
[WhiteRD "72"]
[BlackElo "1986"]
[BlackRD "73"]
[GameID "433458"]

1. e4 c5 2. Nf3 d6 3. d4 cxd4 4. Nxd4 Nf6 5. Nc3 a6 6. Be3 e5 7. Nf5 d5 8. Bg5 d4 9. Nd5 Bxf5 10. exf5 Qxd5
11. a3 Qe4+ 12. Qe2 Qxf5 13. f4 Ng4 14. O-O-O f6 15. Bh4 Qxf4+ 16. Kb1 Ne3 17. Bg3 Qf5 18. Rd3 Nd7 19. Rxe3 dxe3 20. Qc4 Nc5
21. Bd3 Nxd3 22. Qxd3 Qxd3 23. cxd3 Rc8 24. Re1 Bc5
0-1

[Event "Let's Tango: Najdorf Style!"]
[Site "SchemingMind.com"]
[Date "2018.10.09"]
[Round "-"]
[White "Glenn O'Brien"]
[Black "jolasebabes"]
[Result "1/2-1/2"]
[WhiteCountry "AUS"]
[BlackCountry "POR"]
[WhiteElo "1975"]
[WhiteRD "75"]
[BlackElo "2141"]
[BlackRD "70"]
[GameID "433459"]

1. e4 c5 2. Nf3 d6 3. d4 cxd4 4. Nxd4 Nf6 5. Nc3 a6 6. Bg5 e6 7. f4 Nbd7 8. Qf3 Qc7 9. O-O-O b5 10. Bd3 Bb7
11. Rhe1 Be7 12. Qg3 b4 13. Nd5 exd5 14. exd5 Kd8 15. Nc6+ Bxc6 16. dxc6 Qxc6 17. Bxf6 Nxf6 18. Qxg7 Re8 19. Qxf7 Ra7 20. Rxe7 Raxe7
21. Qxf6 Kc7 22. Qd4 Qc5 23. Qxc5+ dxc5 24. Bxa6 Re4 25. g3 h6 26. Bd3 Re3 27. Kd2 Rf3 28. Rf1 Rxf1 29. Bxf1 Kd6 30. Bc4 Re4
31. Bd3 Re7 32. f5 Ke5 33. c3 Ra7 34. cxb4 Rxa2 35. bxc5 Rxb2+ 36. Ke3 Rxh2 37. c6 Kd6 38. Be4 Ra2 39. Kf4 Ra5 40. g4 Re5
41. Ke3 Rc5 42. Kd4 Rc1 43. Bg2 Rd1+=
1/2-1/2

[Event "Let's Tango: Najdorf Style!"]
[Site "SchemingMind.com"]
[Date "2018.10.09"]
[Round "-"]
[White "jolasebabes"]
[Black "Glenn O'Brien"]
[Result "1-0"]
[WhiteCountry "POR"]
[BlackCountry "AUS"]
[WhiteElo "2179"]
[WhiteRD "71"]
[BlackElo "1976"]
[BlackRD "77"]
[GameID "433460"]

1. e4 c5 2. Nf3 d6 3. d4 cxd4 4. Nxd4 Nf6 5. Nc3 a6 6. h3 e6 7. g4 d5 8. exd5 Nxd5 9. Nde2 Bb4 10. Bg2 O-O
11. Bd2 Nb6 12. a3 Bd6 13. Ne4 Be5 14. Bb4 Re8 15. Nd6 Bxd6 16. Qxd6 Qxd6 17. Bxd6 Nc4 18. O-O-O e5 19. Bc5 Nd7 20. Bb4 a5
21. Bc3 Ra6 22. Rhe1 b5 23. Kb1 Rf6 24. Nd4 Rxf2 25. Bc6 b4 26. axb4 axb4 27. Bxb4 Rf6 28. Bb5 Rb6 29. b3 Nd6 30. Bxd6 Rxd6
31. Nf5 Rxd1+ 32. Rxd1 Kh8 33. Nd6 Rf8 34. Nxc8 Nc5 35. Nd6 f5 36. Nxf5 Ne4 37. Kb2 Nf2 38. Rd7 Nxh3 39. Nxg7 Nf2 40. Ne6 Rc8
41. Bc4 Nxg4 42. Ng5 Nf6 43. Rf7 h6 44. Ne6 Nh7 45. Bd3 Ng5 46. Nxg5 hxg5 47. Rf5 Re8 48. Rxg5 e4 49. Bc4 Kh7 50. Kc1 Re7
51. Kd2 Kh6 52. Rg4 Kh5 53. Rf4 e3+ 54. Ke2 Kg5 55. Rf3 Rc7 56. Rxe3 Kf4 57. Re8 Ra7 58. Kd2 Ra5 59. Kc3 Ra3 60. Kb2 Ra7
61. b4 Ra4 62. Kb3 Ra1 63. b5 Rd1 64. Kc3 Rd6 65. Re6 Rd1 66. b6 Rd7 67. Kb4 Kf5 68. Kc5
1-0